[Event "Torino 150 Italy Unity op"]
[Site "Torino"]
[Date "2011.06.01"]
[Round "2"]
[White "Pinkerton, James Carl"]
[Black "Grinza, Andrea"]
[Result "0-1"]
[WhiteElo "2058"]
[BlackElo "2109"]
[PlyCount "58"]
[EventDate "2011.05.31"]
[EventType "swiss"]
[EventRounds "9"]
[EventCountry "ITA"]
[SourceTitle "EXT 2014"]
[Source "ChessBase"]
[SourceDate "2013.11.20"]
[SourceVersion "1"]
[SourceVersionDate "2013.11.20"]
[SourceQuality "1"]

1. Nf3 Nf6 2. d4 c5 3. d5 g6 4. c4 b5 5. cxb5 a6 6. bxa6 Bg7 7. Nc3 Bxa6 8. e4 Bxf1 9. Kxf1 d6 10. g3 0-0 11. Kg2 Nbd7 12. Nd2 Nb6 13. a4 Ra5 14. Qe2 Nfd7 15. Nb3 Bxc3 16. bxc3 Rxa4 17. Rxa4 Nxa4 18. Bh6 Re8 19. Ra1 Qb6 20. Qc2 Ra8 21. Nd4 cxd4 22. Rxa4 Rc8 23. Bd2 dxc3 24. Be1 Qb2 25. Ra2 Qb4 26. Ra4 Qc5 27. Ra1 Ne5 28. Rc1 Qc4 29. Bxc3 Nd3 0-1

[Event "Recco op-A 4th"]
[Site "Recco "]
[Date "2010.11.27"]
[Round "3"]
[White "Grinza, Andrea"]
[Black "Bellia, Fabrizio"]
[Result "0-1"]
[WhiteElo "2207"]
[BlackElo "2399"]
[PlyCount "129"]
[EventDate "2010.11.26"]
[EventType "swiss"]
[EventRounds "5"]
[EventCountry "ITA"]
[SourceTitle "EXT 2012"]
[Source "ChessBase"]
[SourceDate "2011.11.24"]
[SourceVersion "1"]
[SourceVersionDate "2011.11.24"]
[SourceQuality "1"]

1. d4 Nf6 2. c4 e6 3. g3 c5 4. Nf3 cxd4 5. Nxd4 d5 6. Bg2 Be7 7. 0-0 0-0 8. cxd5 Nxd5 9. e4 Nb4 10. Nc3 N8c6 11. Nxc6 Nxc6 12. Be3 Qa5 13. Qa4 Bd7 14. Rfd1 Rfd8 15. Qxa5 Nxa5 16. b3 b6 17. Rd3 Be8 18. Rad1 Rxd3 19. Rxd3 Rc8 20. e5 Nc6 21. Bxc6 Bxc6 22. f4 h5 23. Kf2 f6 24. Bd4 Kf7 25. Ke3 Ba3 26. Rd1 Rd8 27. Ne4 Bxe4 28. Kxe4 Rc8 29. Be3 Ke7 30. f5 Rc3 31. exf6+ gxf6 32. Rf1 e5 33. Rd1 Rc2 34. Rd2 Rc1 35. Kd3 Rf1 36. Rf2 Re1 37. Rc2 Kd7 38. Rc4 b5 39. Rh4 a6 40. Bd2 Rd1 41. Ke2 Ra1 42. Rxh5 Rxa2 43. Rh7+ Kc6 44. Ke1 e4 45. Bf4 Kc5 46. h4 Kd4 47. Rd7+ Kc3 48. h5 Kxb3 49. h6 Rh2 50. g4 Rh1+ 51. Kf2 Bc5+ 52. Kg2 Rg1+ 53. Kh3 Rh1+ 54. Kg2 Rg1+ 55. Kh2 Rxg4 56. h7 Rh4+ 57. Kg3 Rh1 58. Kg4 e3 59. Bg3 e2 60. Be1 Rxe1 61. h8Q Rg1+ 62. Kf4 e1Q 63. Qh3+ Kb4 64. Rd3 Rf1+ 65. Kg4 0-1

[Event "Torino op 23rd"]
[Site "Torino"]
[Date "2010.10.31"]
[Round "4"]
[White "Grinza, Andrea"]
[Black "Gallucci, Alessio"]
[Result "0-1"]
[WhiteElo "2239"]
[BlackElo "2144"]
[PlyCount "94"]
[EventDate "2010.10.29"]
[EventType "swiss"]
[EventRounds "6"]
[EventCountry "ITA"]
[SourceTitle "EXT 2024"]
[Source "ChessBase"]
[SourceDate "2023.10.10"]
[SourceVersion "1"]
[SourceVersionDate "2023.10.10"]
[SourceQuality "1"]

1. d4 Nf6 2. c4 e6 3. Nf3 b6 4. g3 Bb4+ 5. Bd2 Be7 6. Bg2 Bb7 7. 0-0 0-0 8. b3 Na6 9. Bc3 d5 10. Nbd2 Rc8 11. Ne5 c5 12. e3 Qc7 13. Rc1 Qb8 14. cxd5 exd5 15. Qe2 Nc7 16. Rfe1 Ne6 17. Bh3 Rce8 18. Ndf3 Bd6 19. Bxe6 Rxe6 20. Ng5 Re7 21. f4 h6 22. Ngf3 Ne4 23. Nh4 Qc8 24. g4 Ba6 25. Qg2 Rc7 26. Bb2 c4 27. bxc4 Bxc4 28. Nf5 Bb4 29. Nxc4 Rxc4 30. a3 Bxe1 31. Ne7+ Kh8 32. Nxc8 Bf2+ 33. Qxf2 Rxc1+ 34. Bxc1 Nxf2 35. Ne7 Nxg4 36. Nxd5 Rc8 37. Bd2 Nxh2 38. Bb4 Rc2 39. Ne7 Nf3+ 40. Kf1 a5 41. Bd6 h5 42. f5 h4 43. d5 h3 44. e4 Nd2+ 45. Kg1 Nxe4 46. Bf4 Rg2+ 47. Kf1 Rf2+ 0-1

[Event "Arco op 32nd"]
[Site "Arco"]
[Date "2010.10.23"]
[Round "8"]
[White "Grinza, Andrea"]
[Black "Lezzerini, Marco"]
[Result "1-0"]
[WhiteElo "2239"]
[BlackElo "1674"]
[PlyCount "87"]
[EventDate "2010.10.16"]
[EventType "swiss"]
[EventRounds "9"]
[EventCountry "ITA"]
[SourceTitle "EXT 2024"]
[Source "ChessBase"]
[SourceDate "2023.10.10"]
[SourceVersion "1"]
[SourceVersionDate "2023.10.10"]
[SourceQuality "1"]

1. d4 Nf6 2. c4 g6 3. Nc3 Bg7 4. e4 d6 5. f3 b6 6. Bg5 Bb7 7. Qd2 c5 8. d5 Nbd7 9. Nh3 a6 10. a4 h5 11. Be2 Ne5 12. Nf2 Bc8 13. h3 h4 14. f4 Ned7 15. Nd3 Ng8 16. f5 f6 17. Be3 gxf5 18. exf5 Ne5 19. Nxe5 fxe5 20. 0-0 Bf6 21. Ne4 Kf8 22. b4 Kg7 23. Bg5 Nh6 24. Bd3 Nf7 25. Be3 Qg8 26. bxc5 bxc5 27. Rab1 Bd7 28. a5 Rb8 29. Bg5 Qc8 30. Qe2 Rxb1 31. Bxf6+ exf6 32. Bxb1 Bxf5 33. Nxd6 Nxd6 34. Bxf5 Nxf5 35. Qg4+ Kf7 36. Rxf5 Qf8 37. Qe4 Qe7 38. Rf2 Qd7 39. Qxe5 Rh6 40. Qf4 Kg7 41. Re2 Qd8 42. d6 Rh7 43. Re7+ Kg8 44. Qxf6 1-0

[Event "ITA-ch sf 70th"]
[Site "Torino"]
[Date "2010.06.20"]
[Round "1"]
[White "Grinza, Andrea"]
[Black "De Nisi, Roberta"]
[Result "1-0"]
[WhiteElo "2255"]
[BlackElo "1916"]
[PlyCount "73"]
[EventDate "2010.06.20"]
[EventType "swiss"]
[EventRounds "9"]
[EventCountry "ITA"]
[SourceTitle "CBM 137 Extra"]
[Source "ChessBase"]
[SourceDate "2010.09.01"]
[SourceVersion "1"]
[SourceVersionDate "2010.09.01"]
[SourceQuality "1"]

1. d4 f5 2. e4 fxe4 3. Nc3 Nf6 4. Bg5 g6 5. Bc4 Bg7 6. f3 d5 7. Bxf6 exf6 8. Nxd5 c6 9. Nc3 e3 10. Nge2 Nd7 11. Qd3 Qe7 12. Bb3 Nb6 13. 0-0-0 Bf5 14. Ne4 0-0-0 15. g4 Bxe4 16. fxe4 Bh6 17. Kb1 Nd7 18. Ng3 Nc5 19. Qc4 Nxb3 20. axb3 Kb8 21. Rhe1 Rhe8 22. b4 Bf4 23. b5 cxb5 24. Qxb5 Bxg3 25. hxg3 Qxe4 26. d5 Qxg4 27. d6 Qd7 28. Qc5 Re5 29. Qc3 Rc8 30. Qb3 Rce8 31. Re2 f5 32. Rd3 Rb5 33. Rdxe3 Rxe3 34. Qxe3 a6 35. Qe8+ Qxe8 36. Rxe8+ Ka7 37. d7 1-0

[Event "Corsico op"]
[Site "Corsico"]
[Date "1997.??.??"]
[Round "6"]
[White "Everet, Alexandro"]
[Black "Grinza, Andrea"]
[Result "1/2-1/2"]
[WhiteElo "2135"]
[BlackElo "2275"]
[PlyCount "144"]
[EventDate "1997.??.??"]
[EventType "swiss"]
[EventRounds "7"]
[EventCountry "ITA"]
[SourceTitle "EXT 1998"]
[Source "ChessBase"]
[SourceDate "1997.11.17"]
[SourceVersion "1"]
[SourceVersionDate "1997.11.17"]
[SourceQuality "1"]

1. d4 Nf6 2. c4 c5 3. e3 cxd4 4. exd4 d5 5. Nc3 e6 6. cxd5 Nxd5 7. Bb5+ Bd7 8. Bxd7+ Qxd7 9. Nge2 Be7 10. 0-0 Nc6 11. Be3 0-0 12. Nxd5 Qxd5 13. Nc3 Qf5 14. Qa4 Rfd8 15. Rad1 Rd7 16. Rd2 Rad8 17. Rfd1 Bf6 18. h3 h6 19. Qc4 Ne7 20. Qc5 b6 21. Qc4 Nd5 22. Qd3 Qh5 23. Ne4 Qg6 24. a3 Bh4 25. Nc3 f5 26. Nxd5 Rxd5 27. Qe2 Bf6 28. f4 Qf7 29. Kh1 Qd7 30. Bf2 Qe8 31. Qa6 Qe7 32. Qc4 Kh7 33. Be3 R8d6 34. g4 Qd8 35. a4 g6 36. b4 Bg7 37. Bf2 fxg4 38. hxg4 Qf6 39. Bg3 h5 40. f5 Rd7 41. Qe2 exf5 42. gxh5 g5 43. Be5 Qe6 44. Qg2 Qh6 45. Qh2 Bxe5 46. dxe5 Rxd2 47. Rxd2 Rxd2 48. Qxd2 Qxh5+ 49. Kg1 Qg4+ 50. Kh1 Qh3+ 51. Kg1 Qg3+ 52. Kh1 Qh3+ 53. Kg1 f4 54. Qc2+ Kh6 55. Qc6+ Kh7 56. Qe4+ Kg7 57. Qb7+ Kf8 58. Qb8+ Kf7 59. Qxa7+ Ke6 60. Qxb6+ Kxe5 61. Qc5+ Kf6 62. Qf8+ Kg6 63. Qe8+ Kf6 64. Qc6+ Ke7 65. Qc5+ Kf6 66. a5 g4 67. Qd6+ Kf5 68. Qd5+ Kf6 69. a6 Qe3+ 70. Kg2 Qe2+ 71. Kg1 Qxa6 72. Qd4+ Ke6 1/2-1/2

[Event "Corsico op"]
[Site "Corsico"]
[Date "1997.??.??"]
[Round "3"]
[White "Grinza, Andrea"]
[Black "Dorighet, Claudio"]
[Result "1-0"]
[WhiteElo "2275"]
[BlackElo "2090"]
[PlyCount "39"]
[EventDate "1997.??.??"]
[EventType "swiss"]
[EventRounds "7"]
[EventCountry "ITA"]
[SourceTitle "EXT 1998"]
[Source "ChessBase"]
[SourceDate "1997.11.17"]
[SourceVersion "1"]
[SourceVersionDate "1997.11.17"]
[SourceQuality "1"]

1. d4 f5 2. e4 fxe4 3. Nc3 Nf6 4. f3 d5 5. fxe4 dxe4 6. Bg5 Bf5 7. Bc4 Nbd7 8. Nge2 Nb6 9. Bb3 Qd7 10. 0-0 0-0-0 11. Qe1 h6 12. Bf4 e6 13. Rd1 Nbd5 14. Nxd5 Nxd5 15. Bc1 Bd6 16. c4 Nb4 17. c5 Nd3 18. Qa5 Be7 19. Qxa7 Qb5 20. Rxf5 1-0

[Event "Ticino op"]
[Site "Ticino"]
[Date "1993.??.??"]
[Round "3"]
[White "Legky, Nikolay A"]
[Black "Grinza, Andrea"]
[Result "1-0"]
[WhiteElo "2490"]
[BlackElo "2280"]
[PlyCount "61"]
[EventDate "1993.??.??"]
[EventType "swiss"]
[EventRounds "7"]
[EventCountry "SUI"]
[SourceTitle "EXT 1997"]
[Source "ChessBase"]
[SourceDate "1996.11.15"]
[SourceVersion "1"]
[SourceVersionDate "1996.11.15"]
[SourceQuality "1"]

1. d4 c5 2. d5 e6 3. Nc3 exd5 4. Nxd5 Nf6 5. Bg5 Qa5+ 6. c3 Nxd5 7. Qxd5 Nc6 8. e3 Be7 9. Bc4 0-0 10. Nf3 Qd8 11. Rd1 a6 12. h4 Kh8 13. Bb3 f6 14. Bf4 Qe8 15. h5 f5 16. Ne5 Nxe5 17. Bxe5 d6 18. Bxd6 Bxd6 19. Qxd6 f4 20. h6 gxh6 21. Qxh6 Qe7 22. 0-0 Rf6 23. Qg5 Be6 24. exf4 Rg8 25. Qe5 Qg7 26. g3 c4 27. Bc2 Bg4 28. Rd6 Rxd6 29. Qxd6 Bf3 30. Re1 Qf7 31. Re7 1-0

[Event "Reggio Emilia-B 8788 30th"]
[Site "Reggio Emilia"]
[Date "1987.??.??"]
[Round "4"]
[White "Grinza, Andrea"]
[Black "Wagman, Stuart"]
[Result "1/2-1/2"]
[WhiteElo "2305"]
[BlackElo "2265"]
[PlyCount "96"]
[EventDate "1987.12.27"]
[EventType "tourn"]
[EventRounds "11"]
[EventCountry "ITA"]
[EventCategory "3"]
[SourceTitle "EXT 1997"]
[Source "ChessBase"]
[SourceDate "1996.11.15"]
[SourceVersion "1"]
[SourceVersionDate "1996.11.15"]
[SourceQuality "1"]

1. d4 d5 2. c4 e6 3. g3 Nf6 4. Bg2 Be7 5. Nf3 0-0 6. 0-0 dxc4 7. Qc2 a6 8. Qxc4 b5 9. Qc2 Bb7 10. Bf4 Nd5 11. Nc3 Nxf4 12. gxf4 Nd7 13. Ne4 c5 14. Nxc5 Nxc5 15. dxc5 Qc7 16. Rac1 Rac8 17. b4 Qxf4 18. Qd2 Qxd2 19. Nxd2 Bxg2 20. Kxg2 Rfd8 21. Nb3 Kf8 22. Rfd1 Bf6 23. Rxd8+ Rxd8 24. Rc2 Ke8 25. Kf3 Be5 26. h3 f5 27. e3 g5 28. c6 Rc8 29. Na5 Bd6 30. a3 Kd8 31. e4 Kc7 32. exf5 Rf8 33. Kg4 Rxf5 34. Re2 Re5 35. Rd2 Rd5 36. Rxd5 exd5 37. Kxg5 Be5 38. f4 Bb2 39. f5 Bxa3 40. f6 Bxb4 41. f7 d4 42. Kf4 d3 43. Ke3 d2 44. Ke2 Kb6 45. Kd1 Kc7 46. Kc2 Kb6 47. Kd1 Kc7 48. Kc2 Kb6 1/2-1/2